000 00344nam a22001337a 4500
008 181009b xxu||||| |||| 00| 0 eng d
020 _a9780521242547
041 _aeng
080 _a521
100 _a42
101 _astr
245 _aPlanetary Astronomy From The Renaissance To The Rise Of Astrophysis
_cTaton.R
942 _2udc
_cBK
999 _c49200
_d49200